The hunger games /

In a future North America, where the rulers of Panem maintain control through an annual televised survival competition pitting young people from each of the twelve districts against one another, sixteen-year-old Katniss's skills are put to the test when she voluntarily takes her younger sister&...

Full description

Bibliographic Details
Main Author: Collins, Suzanne
Format: Book
Language:English
Published: New York : Scholastic Press, [2008]
Edition:1st ed.
Series:Collins, Suzanne. Hunger Games (Series) ; bk. 1.
Subjects:

MARC

Tag First Indicator Second Indicator Subfields
LEADER 00000cam a2200000 a 4500
001 in00002429876
005 20151109165458.0
008 071102s2008 nyu d 000 f eng
010 |a  2007039987 
019 |a 732724695  |a 796031345  |a 798222873 
020 |a 0439023483 (hardcover : alk. paper) :  |c $17.99 
020 |a 9780439023481 (hardcover : alk. paper) :  |c $17.99 
020 |a 0439023521 (pbk.) 
020 |a 9780439023528 (pbk.) 
020 |a 0545425115 (pbk.) 
020 |a 9780545425117 (pbk.) 
020 |a 054531058X (lib. bdg.) 
020 |a 9780545310581 (lib. bdg.) 
020 |a 1451740751 (PawPrints) 
020 |a 9781451740752 (PawPrints) 
035 |a (OCoLC)ocn181516677 
040 |a DLC  |c DLC  |d UtOrBLW 
042 |a lcac 
049 |a TXAM 
050 0 0 |a PZ7.C6837  |b Hun 2008 
082 0 0 |a [Fic]  |2 22 
090 |a PS3603.O4558  |b H86 2008 
100 1 |a Collins, Suzanne. 
245 1 4 |a The hunger games /  |c Suzanne Collins. 
250 |a 1st ed. 
264 1 |a New York :  |b Scholastic Press,  |c [2008] 
264 4 |c ©2008 
300 |a 374 pages ;  |c 22 cm. 
336 |a text  |b txt  |2 rdacontent 
337 |a unmediated  |b n  |2 rdamedia 
338 |a volume  |b nc  |2 rdacarrier 
490 1 |a [Hunger Games trilogy] ;  |v bk. 1 
500 |a "Book design by Phil Falco"--title page verso. 
505 0 |a The tributes -- The games -- The victor. 
520 |a In a future North America, where the rulers of Panem maintain control through an annual televised survival competition pitting young people from each of the twelve districts against one another, sixteen-year-old Katniss's skills are put to the test when she voluntarily takes her younger sister's place. 
526 0 |a Accelerated Reader/Renaissance Learning  |b MG  |c 5.3  |d 15. 
586 |a Notable Social Studies Trade Books for Young People, 2009 
650 0 |a Survival  |v Juvenile fiction. 
650 0 |a Television programs  |v Juvenile fiction. 
650 0 |a Interpersonal relations  |v Juvenile fiction. 
650 0 |a Contests  |v Juvenile fiction. 
650 0 |a Young women  |v Juvenile fiction. 
650 0 |a Sisters  |v Juvenile fiction. 
650 0 |a Dystopias  |v Juvenile fiction. 
650 1 |a Survival  |v Fiction. 
650 1 |a Television programs  |v Fiction. 
650 1 |a Interpersonal relations  |v Fiction. 
650 1 |a Contests  |v Fiction. 
650 1 |a Science fiction. 
655 0 |a Young adult fiction. 
700 1 |a Falco, Phil.,  |e book designer. 
710 2 |a Scholastic Press,  |e publisher. 
800 1 |a Collins, Suzanne.  |t Hunger Games (Series) ;  |v bk. 1. 
945 |a PromptCat  |b 539083 
946 |a curr 
947 |a A14836659737 
948 |a cataloged  |b h  |d 2008/10/29  |h c  |e asalazar  |f 2:55:20 pm 
949 |a updated-AC Qatar  |b h  |c 2013/9/11  |e agreen 
994 |a 92  |b TXA 
999 |a MARS 
999 f f |s 65a67ce4-c9f7-3bbf-8b72-cf0a97b3fac4  |i 1330672b-65bc-3851-8957-4f14a1222f38  |t 0 
952 f f |p normal  |a Texas A&M University  |b College Station  |c Sterling C. Evans Library  |s Evans curr  |d Evans: Curriculum Collection (4th floor)  |t 0  |e PZ7.C6837 Hun 2008  |h Library of Congress classification  |i unmediated -- volume  |m A14836659737 
952 f f |p normal  |a Texas A&M University  |b College Station  |c Sterling C. Evans Library  |s Evans curr  |d Evans: Curriculum Collection (4th floor)  |t 0  |e PZ7.C6837 Hun 2008  |h Library of Congress classification  |i unmediated -- volume  |m A14841310186 
998 f f |a PZ7.C6837 Hun 2008  |t 0  |l Evans: Curriculum Collection (4th floor) 
998 f f |a PZ7.C6837 Hun 2008  |t 0  |l Evans: Curriculum Collection (4th floor)